Phrases cultes: échos du bruit de l'histoire - Statistiques

Statistiques générales
  • Ce quiz a été pris 264 fois
  • Le résultat moyen est 7 sur 10
Statistiques - réponses
Citations Indices Personne l'ayant prononcée % Correct
Veni, vidi, vici. Il a triomphé rapidement de Pharnace II, à Zéla, en Asie mineure (actuelle Turquie) Jules César
99%
I have a dream. Le 28 août 1963, il prêche devant une gigantesque manifestation, à Washington Martin Luther King
97%
Yes we can. Campagne électorale aux Etats-Unis de 2008, ce slogan a deux sens: le "nous" et le "oui, je peux" Barack Obama
95%
Un quarteron de généraux en retraite. Avril 1961, il prononce un discours à la télévision suite au coup d'Etat des militaires, à Alger Charles De Gaulle
93%
Le communisme, c'est les soviets plus l'électricité. Au congrès du Parti communiste, en 1920, à Moscou en pleine guerre civile Lénine
83%
Un rideau de fer est tombé sur l'Europe. Truman l'invite pour prendre la parole à l'université de Fulton le 5 mars 1946 Winston Churchill
77%
La Terre ne ment pas. En juin 1940, selon lui, la terre, le monde rural sont des valeurs essentielles que la France a délaissées Philippe Pétain
65%
Et c'est un vieux pays, la France, d'un vieux continent, comme le mien, qui vous le dit. En 2003, à la tribune de l'ONU, il tient tête face aux Etats-Unis, qui veulent envahir l'Irak avec le soutien de l'ONU Dominique de Villepin
50%
Personne n'aime les missionnaires armés. En 1791, il est contre une révolution, après que la tentative d'évasion de Louis XVI échoue Robespierre
47%
Entre ici, Jean Moulin ! En ce jour de décembre 1964, le corps de Jean Moulin entre au Panthéon André Malraux
39%
Aucun quiz correspondant
Distribution des résultats
% des personnes avec chaque résultat
Percentile par nombre de réponses
Votre historique - résultats
Vous n’avez pas pris ce quiz